[Event "TUR-chT2"]
[Site "Konya"]
[Date "2018.07.11"]
[Round "2.10"]
[White "Calisir, Bahadir"]
[Black "Kilic, Umut"]
[Result "0-1"]
[WhiteElo "1573"]
[BlackElo "1931"]
[PlyCount "107"]
[EventDate "2018.07.10"]
[EventType "team-swiss"]
[EventRounds "9"]
[EventCountry "TUR"]
[SourceTitle "EXT 2019"]
[Source "ChessBase"]
[SourceDate "2018.10.10"]
[SourceVersion "1"]
[SourceVersionDate "2018.10.10"]
[SourceQuality "1"]
[WhiteTeam "Yalova Beyaz Fil"]
[BlackTeam "Bursa Uludag"]
[WhiteTeamCountry "TUR"]
[BlackTeamCountry "TUR"]

1. c4 Nf6 2. Nc3 g6 3. g3 Bg7 4. Bg2 0-0 5. e4 d6 6. Nge2 c6 7. d4 Qa5 8. Bd2 Qc7 9. 0-0 Nbd7 10. Rc1 e5 11. d5 a5 12. h3 Nc5 13. Be3 Rd8 14. f4 exf4 15. Bxf4 Rb8 16. Kh2 h6 17. b3 Qe7 18. Nd4 Bd7 19. dxc6 bxc6 20. Re1 Nh5 21. Qd2 Nxf4 22. gxf4 g5 23. Nf5 Bxf5 24. exf5 Qf6 25. fxg5 hxg5 26. Bxc6 Qxf5 27. Nd5 Be5+ 28. Kg2 Kg7 29. Rf1 Qe4+ 30. Rf3 Qh4 31. Rcf1 Rf8 32. Ne7 Qh5 33. Nf5+ Kh7 34. Ng3 Qg6 35. Rf5 f6 36. Qe2 Kh6 37. Ne4 Ne6 38. Qg4 Nf4+ 39. Kh1 Rh8 40. Nf2 Kg7 41. Be4 Qf7 42. Bg2 Rh4 43. Qf3 Qe6 44. Rxf4 Rxf4 45. Qd5 Qxd5 46. Bxd5 Bd4 47. Kg2 Rxf2+ 48. Rxf2 Bxf2 49. Kxf2 a4 50. bxa4 Rb2+ 51. Kg3 Rxa2 52. Bc6 f5 53. Kf3 Ra3+ 54. Kg2 0-1

[Event "TUR-ch op"]
[Site "Antalya"]
[Date "2008.02.08"]
[Round "9.40"]
[White "Kilic, Umut"]
[Black "Oluc, Hakan"]
[Result "0-1"]
[WhiteElo "1779"]
[BlackElo "1960"]
[PlyCount "124"]
[EventDate "2008.02.04"]
[EventType "swiss"]
[EventRounds "11"]
[EventCountry "TUR"]
[SourceTitle "CBM 122 Extra"]
[Source "ChessBase"]
[SourceDate "2008.03.04"]
[SourceVersion "1"]
[SourceVersionDate "2008.03.04"]
[SourceQuality "1"]

1. c4 c5 2. Nc3 Nc6 3. Nf3 g6 4. g3 Bg7 5. Bg2 e5 6. 0-0 Nge7 7. b3 0-0 8. Bb2 d6 9. d3 f5 10. Nd2 Be6 11. a3 d5 12. e4 dxe4 13. dxe4 f4 14. Nd5 g5 15. Kh1 Ng6 16. gxf4 Nxf4 17. Nxf4 Rxf4 18. Nf3 Qxd1 19. Raxd1 Bg4 20. Rd3 h6 21. Ng1 Raf8 22. f3 Bc8 23. Ne2 R4f7 24. Ng3 Nd4 25. Bxd4 exd4 26. Re1 Be5 27. b4 Be6 28. Rc1 Rc7 29. b5 b6 30. Ne2 Kg7 31. Ng1 Rcf7 32. Rc2 Rf4 33. Ne2 Rh4 34. h3 Bxh3 35. Bxh3 Rxh3+ 36. Kg2 Rh2+ 37. Kg1 Rh3 38. Kg2 Rh2+ 39. Kg1 h5 40. Nxd4 Rxc2 41. Nxc2 Kg6 42. Kg2 g4 43. fxg4 hxg4 44. Rd5 Kf6 45. Ne3 Rg8 46. Rd7 Bb8 47. Rd5 Be5 48. Rd7 Bd4 49. Nf5 Ke5 50. Ng3 Rf8 51. Rd5+ Kf4 52. Rh5 Ke3 53. Nf5+ Kxe4 54. Nd6+ Kf4 55. Rh1 Ke5 56. Rh6 Kf4 57. Rh1 Ke5 58. Rh6 Kf4 59. a4 Kg5 60. Rh7 Rf2+ 61. Kg3 Re2 62. Nc8 Be5# 0-1

[Event "TUR-ch op"]
[Site "Antalya"]
[Date "2008.02.07"]
[Round "7.28"]
[White "Selen, Dincer"]
[Black "Kilic, Umut"]
[Result "1/2-1/2"]
[WhiteElo "2026"]
[BlackElo "1779"]
[PlyCount "102"]
[EventDate "2008.02.04"]
[EventType "swiss"]
[EventRounds "11"]
[EventCountry "TUR"]
[SourceTitle "CBM 122 Extra"]
[Source "ChessBase"]
[SourceDate "2008.03.04"]
[SourceVersion "1"]
[SourceVersionDate "2008.03.04"]
[SourceQuality "1"]

1. e4 c6 2. d4 d5 3. exd5 cxd5 4. Bd3 Nf6 5. c3 Nc6 6. Bf4 Qb6 7. Qb3 Qxb3 8. axb3 g6 9. h3 Bg7 10. Nf3 0-0 11. 0-0 Bf5 12. Bxf5 gxf5 13. Re1 Nh5 14. Bh2 f4 15. b4 a6 16. Nbd2 f6 17. Re6 Rae8 18. Rae1 Bh6 19. Nb3 Ng7 20. R6e2 e6 21. Nc5 Nd8 22. b3 Rf7 23. c4 dxc4 24. bxc4 Rfe7 25. d5 e5 26. Ne4 Nh5 27. Nh4 Rd7 28. Nf5 Bf8 29. Nc5 Bxc5 30. bxc5 Nf7 31. d6 Ng7 32. Ne7+ Kf8 33. Nd5 Nh5 34. Bxf4 Nxf4 35. Nxf4 Rc8 36. Ne6+ Kg8 37. Rb1 Nxd6 38. cxd6 Rxd6 39. Rxb7 Rxe6 40. Rb4 Rec6 41. Rc2 Kf7 42. g4 h5 43. gxh5 Rh8 44. c5 Ke6 45. Rh4 Kd5 46. h6 Rxc5 47. Ra2 Rc6 48. h7 Ke6 49. f3 Kf7 50. Rb2 Rc7 51. Rb6 Kg6 1/2-1/2

[Event "TUR-ch op"]
[Site "Antalya"]
[Date "2008.02.05"]
[Round "4.39"]
[White "Kilic, Umut"]
[Black "Erilli, Necati Alp"]
[Result "1-0"]
[WhiteElo "1779"]
[BlackElo "1970"]
[PlyCount "91"]
[EventDate "2008.02.04"]
[EventType "swiss"]
[EventRounds "11"]
[EventCountry "TUR"]
[SourceTitle "CBM 122 Extra"]
[Source "ChessBase"]
[SourceDate "2008.03.04"]
[SourceVersion "1"]
[SourceVersionDate "2008.03.04"]
[SourceQuality "1"]

1. c4 e5 2. Nc3 Nf6 3. Nf3 d6 4. g3 Be7 5. Bg2 Nc6 6. 0-0 0-0 7. d4 exd4 8. Nxd4 Nxd4 9. Qxd4 a6 10. b3 Nd7 11. Nd5 Bf6 12. Nxf6+ Qxf6 13. Bb2 Qxd4 14. Bxd4 Rb8 15. a4 b6 16. Rfb1 Bb7 17. b4 Bxg2 18. Kxg2 Nf6 19. Bxf6 gxf6 20. Rd1 Rfe8 21. Kf3 Re5 22. Rd5 Rbe8 23. Rxe5 fxe5 24. Ke4 c6 25. b5 Rc8 26. bxa6 Ra8 27. Rd1 Rxa6 28. Rxd6 c5 29. Kxe5 Kg7 30. Kd5 Rxa4 31. Rxb6 Ra2 32. Kxc5 Rxe2 33. f4 Rxh2 34. Rb3 Rc2 35. Re3 Kg6 36. Kd5 h5 37. c5 f6 38. c6 Kf5 39. Kd6 Kg4 40. Rd3 h4 41. gxh4 Kxh4 42. c7 Rc4 43. f5 Kg4 44. Rd5 Kf4 45. Rc5 Rd4+ 46. Ke6 1-0

[Event "TUR-ch op"]
[Site "Antalya"]
[Date "2008.02.05"]
[Round "3.66"]
[White "Kiyagan, Erhan"]
[Black "Kilic, Umut"]
[Result "0-1"]
[WhiteElo "1432"]
[BlackElo "1779"]
[PlyCount "68"]
[EventDate "2008.02.04"]
[EventType "swiss"]
[EventRounds "11"]
[EventCountry "TUR"]
[SourceTitle "CBM 122 Extra"]
[Source "ChessBase"]
[SourceDate "2008.03.04"]
[SourceVersion "1"]
[SourceVersionDate "2008.03.04"]
[SourceQuality "1"]

1. e4 c6 2. d4 d5 3. exd5 cxd5 4. Nc3 Bf5 5. Bf4 Nc6 6. Bb5 e6 7. Nf3 Nf6 8. Ne5 Rc8 9. h3 Bb4 10. Bd2 0-0 11. Bxc6 bxc6 12. 0-0 Qd6 13. a3 Ba5 14. b4 Bc7 15. Bf4 Rfd8 16. g3 Bxh3 17. Nxf7 Qd7 18. Bxc7 Rxc7 19. Nxd8 Bxf1 20. Nxe6 Qxe6 21. Qxf1 Qf5 22. Qe2 Rf7 23. Re1 h5 24. Kg2 Qg6 25. Qd3 Qg4 26. f3 Qg5 27. Re5 Qh6 28. Ne2 h4 29. Re6 h3+ 30. Kh2 Ng4+ 31. fxg4 Rf2+ 32. Kg1 Rg2+ 33. Kf1 Qxe6 34. c3 Qxe2+ 0-1